Szczegóły MARC21

Robert Musil, Die Verwirrungen des Zöglings Törless : Interpretation /

003 -Nazwa inst., której nr kontr. jest w polu 001 [,]
    • @
    • Nazwa instytucji, której n kontrolny jest w polu 001
    • NUKAT
005 -DATA I CZAS OSTATNIEJ MODYFIKACJI [,]
    • @
    • pole kontrolne
    • 20241231111029.0
020 -Międzynarod. znormalizowany nr książki - ISBN [ , ]
    • a
    • Numer ISBN
    • 3486886274 Find
040 -Instytucja sporządzająca opis [ , ]
    • a
    • Instytucja, która sporządziła opis (NP)
    • KR U/RS
    • c
    • Instytucja, która sporządziła rekord (NP)
    • KR U/RS
    • d
    • Instytucja, która zmodyfikowała rekord (P)
    • KR U/BG
    • d
    • Instytucja, która zmodyfikowała rekord (P)
    • KR U/JAKs
942 -Rodzaj dokumentu [ , ]
    • c
    • Rodzaj dokumentu
    • Książka
100 -Hasło główne - nazwa osobowa [1, ]
    • a
    • Nazwa osobowa (NP)
    • Grossmann, Bernhard.
    • 9
    • KHW
    • 494624
245 -Strefa tytułu i oznaczenia odpowiedzialności [1,0]
    • a
    • Tytuł
    • Robert Musil, Die Verwirrungen des Zöglings Törless : Find
    • b
    • Ciąg dalszy tytułu (NP)
    • Interpretation / Find
    • c
    • Pozostałe elementy strefy tytułu i oznaczenia odpowiedzialności (NP)
    • von Bernhard Grossmann.
250 -Strefa wydania [ , ]
    • a
    • Oznaczenie wydania (NP)
    • 2., überarb. und erg. Aufl.
260 -Strefa adresu wydawniczego [ , ]
    • a
    • Miejsce wydania (P)
    • München :
    • b
    • Nazwa wydawcy (P)
    • R. Oldenbourg Verlag,
    • c
    • Data wydania (P)
    • 1988.
300 -Strefa opisu fizycznego [ , ]
    • a
    • Określenie formy książki i/lub objętość (NP)
    • 139 s. ;
    • c
    • Format (NP)
    • 20 cm.
336 -Typ zawartości [ , ]
    • a
    • Termin opisujący typ zawartości
    • Tekst
    • b
    • Kod określający zawartość
    • txt
    • 2
    • Źródło (terminu i kodu)
    • rdacontent
337 -Typ mediów [ , ]
    • a
    • Tryb odtwarzania
    • Bez urządzenia pośredniczącego
    • b
    • Kod typu mediów
    • n
    • 2
    • Źródło (terminu i kodu)
    • rdamedia
338 -Typ/rodzaj nośnika [ , ]
    • a
    • Hasło opisujące typ nośnika
    • Wolumin
    • b
    • Kod typu nośnika
    • nc
    • 2
    • Źródło (terminu i kodu)
    • rdacarrier
490 -Strefa serii i książki wielotomowej - forma nie do wyszukiwania [1, ]
    • a
    • Tytuł (P)
    • Oldenbourg-Interpretationen ; Find
    • v
    • Numeracja (P)
    • Bd. 26
830 -Hasło dodatkowe serii i opisu książki wielotomowej - tytuł ujednolicony/tytuł [ ,0]
    • a
    • Tytuł ujednolicony/tytuł (NP)
    • Oldenbourg-Interpretationen
    • v
    • Oznaczenie tomu (NP)
    • Bd. 26
    • 9
    • KHW
    • 95029
504 -Uwaga dot. bibliogr. załącznikowej [ , ]
    • a
    • Uwaga dot. bibliografii załącznikowej
    • Bibliogr. s. 135-137.
080 -Uniwersalna Klasyfikacja Dziesiętna [ , ]
    • a
    • Symbol klasyfikacji
    • 830(091)-31"19"=30
080 -Uniwersalna Klasyfikacja Dziesiętna [ , ]
    • a
    • Symbol klasyfikacji
    • :82.03"19"=30
600 -Hasło przedmiotowe w formie nazwy osobowej [1,7]
    • a
    • Nazwa osobowa
    • Musil, Robert
    • d
    • Daty związane z nazwą
    • (1880-1942)
    • x
    • Określnik rzeczowy
    • krytyka i interpretacja.
    • 2
    • Źródło terminu
    • kaba
    • 9
    • KHW
    • 464174
980 -Symbol UKD [ , ]
    • a
    • UKD
    • 830(091)-31:82.03]"19"=30
920 -ISBN [ , ]
    • a
    • ISBN
    • 3-486-88627-4 Find
Sygnatura Lokalizacja Data inwentaryzacji Status udost. Numer inwentarzowy
Germ. Literaturozn. - Musil 02BM1995-11-08-3G.10167